Un groupe Ultras, Un Club - Version France - Statistiques

Statistiques générales
  • Ce quiz a été pris 410 fois
  • Le résultat moyen est 13 sur 15
Statistiques - réponses
Ultras Club % Correct
CUP Paris SG
99%
Magic Fans ASSE
98%
Indians Toulouse FC
98%
Butte Paillade 91 MHSC
94%
South Winners OM
93%
Red Tigers RC Lens
93%
Ultras Boys RC Strasbourg
93%
Bad Gones OL
92%
ULTREM Stade de Reims
92%
Roazhon Celtic Kop Stade Rennais
92%
Brigade Loire FC Nantes
91%
Ultrasmarines Girondins de Bordeaux
90%
Populaire Sud OGC Nice
87%
Horda Frenetik FC Metz
74%
Gladiators Nîmes Olympique
62%
Aucun quiz correspondant
Distribution des résultats
% des personnes avec chaque résultat
Percentile par nombre de réponses
Votre historique - résultats
Vous n’avez pas pris ce quiz